1261 1226 1738 1504 1082 1192 1273 1547 1624 1598 1040 1178 1607 1972 1387 1242 1437 1498 1070 1631 1459 1189 1889 1906 1156 1543 1621 1681 1657 1855 1365 1692 1566 1978 1192 1790 1432 1384 1716 1835 1792 1067 1098 1640 1402 1800 1591 1570 1682 1793 1155 1525 1561 1909 1198 1148 1120 1403 1966 1975 1537 1134 1265 1284 1251 1822 1660 1995 1256 1498 1647 1444 1863 1988 1890 1195 1736 1554 1033 1949 1916 1692 1117 1796 1590 1827 1941 1004 1118 1632 1955 1433 1157 1692 1826 1477 1411 1316 1856 BCNSPRNW ULIB Ver.6.0+V

เปลี่ยนเป็นภาษาไทย

Change to English
 แสดงรายละเอียดบรรณานุกรม
  กลับหน้าหลัก

Brief Record : Get Marc (ISO 2709) : E-mail record : QR code < ปิดหน้าต่าง
LEADER : 00000nam 2200000uu 4500
001    13399107741
003     ULIB
008    110201s2548||||th 000 0 tha d
020    9742986894
060 04 QT4^bจ483ก 2548
245 00 กายวิภาคศาสตร์ = ^bessential atlas of anatomy /^c[จินตนาเวชสวัสด์, แปล ; วิริยะ สิริสิงห, บรรณาธิการ]
246 31 Essential atlas of anatomy
250    พิมพ์ครั้งที่ 1
260    กรุงเทพฯ :^bสุวีริยาสาส์น,^c2548
300    96 หน้า. :^bภาพประกอบสี ;^c31 ซม.
650  7 กายวิภาคศาสตร์
650  7 กายวิภาคศาสตร์มนุษย์
700 0  จินตนา เวชสวัสดิ์,^eผู้แปล
700 0  วิริยะ สิริสิงห,^eบรรณาธิการ
945    ^p300^l0^i023694
995    ทศพร
999 ^a ใช้งานได้ทุกระบบ
รายการนี้ยังไม่มีแท็ก
คุณยังไม่ได้ล็อกอิน คุณสามารถมีกิจกรรมร่วมกับเว็บไซต์ได้ แต่ต้องล็อกอินก่อน ::
  ล็อกอิน

รายการสื่อสารสนเทศ

ลำดับที่ ประเภท เลขเรียก/บาร์โค้ด สถานที่ สถานะ
- ไม่พบข้อมูล -

รายการใกล้เคียง
    หัวเรื่อง [กายวิภาคศาสตร์]
    หัวเรื่อง [กายวิภาคศาสตร์มนุษย์]

BibComment


ยังไม่เคยถูกคอมเมนท์

คอมเมนท์ทรัพยากรรายการนี้
  คอมเมนท์: กายวิภาคศาสตร์ ..


 Copyright 2026. Bcnsprnw @Library